|
|
|
|
| LEADER |
00000nam a2200000 a 4500 |
| 001 |
vtls001483393 |
| 003 |
SK-MaSNL |
| 005 |
20260301122251.0 |
| 008 |
240313s2004 xo a 0 000 slo |
| 015 |
|
|
|a SNBA2005/09-03535
|
| 020 |
|
|
|a 807145916X
|
| 035 |
|
|
|a SNK000438688
|
| 035 |
|
|
|a urn:nbn:sk:snk-am3hdvd
|
| 035 |
|
|
|a 9F6F0B75-C75A-4746-82E9-0D0958459E92
|
| 035 |
|
|
|a urn:nbn:sk:snk-am00c4ti
|
| 040 |
|
|
|a SNK
|b slo
|c SNK
|e AACR2
|
| 041 |
1 |
|
|a slo
|h eng
|
| 044 |
|
|
|a xo
|c SK
|
| 072 |
|
7 |
|a 51
|x Matematika
|2 konspekt
|
| 072 |
|
7 |
|a 821-93
|x Literatúra pre deti a mládež
|2 konspekt
|
| 080 |
|
|
|a 087.5
|x (084)
|2 snkbum
|
| 080 |
|
|
|a 511.11
|2 1981
|
| 080 |
|
|
|a 159.954/.955
|2 1981
|
| 080 |
|
|
|a (0.053.2)
|2 1981
|
| 080 |
|
|
|a (041)
|2 1981
|
| 080 |
|
|
|a 51
|2 1981
|
| 100 |
1 |
|
|a Heinst, Marie
|4 aut
|9 288596
|
| 240 |
1 |
0 |
|a My first number book
|l Slovensky
|
| 245 |
1 |
0 |
|a Moja prvá kniha o číslach
|c Marie Heinstová ; [z anglického originálu preložila Daniela Marsinová ml.]
|
| 250 |
|
|
|a 1. slov. vyd.
|
| 260 |
|
|
|a Bratislava
|b Slovart
|c 2004
|
| 300 |
|
|
|a 48 s.
|b fareb. fotogr. a ilustr.
|c 33 cm
|
| 500 |
|
|
|a Fareb. ilustr. na tit. strane
|
| 500 |
|
|
|a Slovníček
|
| 650 |
0 |
7 |
|a matematika
|2 SNKPH
|9 70174
|
| 650 |
0 |
7 |
|a čísla
|2 SNKPH
|9 57358
|
| 650 |
0 |
7 |
|a tvorivé myslenie
|2 SNKPH
|9 66098
|
| 655 |
|
7 |
|a príručky
|2 SNKPH
|9 74364
|
| 655 |
|
7 |
|a publikácie pre deti
|2 SNKPH
|9 70148
|
| 700 |
1 |
|
|a Marsinová, Daniela
|c (mladšia)
|4 trl
|9 263420
|
| 919 |
|
|
|a 80-7145-916-X
|
| 958 |
|
|
|a OP
|
| 968 |
|
|
|b ENG
|d 0
|
| 999 |
|
|
|c 732314
|d 734244
|
| 952 |
|
|
|t P60, <03>, [BOOK], {603}, -B-
|a SNK
|b SNK
|y PREZ
|7 0
|p 17A0443564
|o snkSB 69379
|i snkKSP 13227/2004
|0 0
|1 0
|4 0
|d 2004-10-12
|f 1
|l 0
|r 2025-04-23 00:00:00
|w 2026-02-23
|
| 952 |
|
|
|t P60, <04>, [BOOK], {604}
|a SNK
|b SNK
|y VYP
|7 0
|p 17A0443565
|o snkSB 69379 D1
|i snkKSP 13228/2004
|0 0
|1 0
|4 0
|d 2004-10-12
|l 0
|r 2005-01-02 00:00:00
|w 2026-02-23
|